2020 Democratic Candidates by Picture - Statistics

General Stats
  • This quiz has been taken 45 times
  • The average score is 14 of 29
Answer Stats
Picture Answer % Correct
Joe Biden
100%
Elizabeth Warren
97%
Bernie Sanders
94%
Pete Buttigieg
85%
Kamala Harris
82%
Michael Bloomberg
79%
Andrew Yang
70%
Amy Klobuchar
67%
Cory Booker
64%
Beto O'Rourke
61%
Tulsi Gabbard
61%
Julian Castro
42%
Tom Steyer
42%
Bill de Blasio
33%
Deval Patrick
33%
Eric Swalwell
33%
Marianne Williamson
33%
John Hickenlooper
30%
Michael Bennet
30%
Jay Inslee
27%
John Delaney
27%
Kirsten Gillibrand
27%
Richard Ojeda
27%
Tim Ryan
27%
Mike Gravel
24%
Seth Moulton
24%
Wayne Messam
24%
Joe Sestak
21%
Steve Bullock
21%
No matching quizzes found
Score Distribution
Percent of People with Each Score
Percentile by Number Answered
Your Score History
You have not taken this quiz